000
00351nam a2200133Ia 4500
008
231129s9999||||xx |||||||||||||| ||spa||
020
_a
968-24-1291-9
040
_b
spa
082
_a
371.148 A543d
100
_a
Andueza Maria
245
0
_a
Dinamica de grupos en educacion
264
_a
Trillas
942
_2
ddc
_c
BKS
999
_c
9565
_d
9565